000 00336 a2200133 4500
000 nam a22 7a 4500
100 _aV.B. Awasthi
110 _aV.B. Awasthi
245 _aInsect Neuroendocrines
250 _alatest
260 _bScientific Publishers,India
_c2026
264 _bScientific Publishers,India
_c2026
942 _cBK
999 _c395054
_d395054